Statistics for Destinations From Sint Maarten Int'l Airport

Click here to take the quiz!

General Stats

  • This quiz has been taken 139 times
  • The average score is 20 of 34

Answer Stats

Answer% Correct
Miami
99%
New York
93%
Amsterdam
92%
Atlanta
89%
Paris
89%
Santo Domingo
84%
Boston
82%
Washington
78%
San Juan
74%
Kingston
73%
Philadelphia
72%
Charlotte
69%
Port-of-Spain
69%
Aruba
68%
Port-au-Prince
67%
Curaçao
63%
Antigua
60%
Toronto
60%
Montréal
57%
Barbados
56%
Saint Kitts
56%
Fort Lauderdale
53%
Panama City
45%
Saint Lucia
45%
Marigot, Dominica
41%
Pointe-à-Pitre
Guadeloupe
39%
Saint Thomas
36%
Saba
31%
Paramaribo
26%
Saint Croix
26%
Saint-Barthélemy
19%
Sint Eustatius
19%
Nevis
18%
Tortola
17%

Score Distribution

Percentile by Number Answered

Percent of People with Each Score

Your Score History

You have not taken this quiz